000 00534nam a2200157Ia 4500
008 151213s9999 xx 000 0 und d
100 _aএম শফিউল্লাহ।
245 _aবিঞ্জানের নানা কথা।
_cএম শফিউল্লাহ।
250 _a১ম স
260 _aঢাকা
_bবি.এসোসিয়েটস।
_c2004
300 _a3466 p.
650 _aBangla
650 _aবিজ্ান।
700 _aএম শফিউল্লাহ।
999 _c2292
_d2292